Sotan Oguri : cavallo cavallo
Descripción Física:
targeta : il·lustració en blanc i negre; 15 x 10 cm
Idioma:
Catalán , Italian
MARC
| LEADER | 00000nkm a22000004i 4500 | ||
|---|---|---|---|
| 001 | 29224 | ||
| 003 | AGDB | ||
| 005 | 20260324181543.0 | ||
| 008 | 260112b spa||||| |||| 00| 0 cat d | ||
| 040 | |a agdb |b cat | ||
| 041 | |a ita | ||
| 100 | |a Oguri, Sotan, |d 1413-1481 |9 72924 | ||
| 245 | |a Sotan Oguri : |b cavallo |h (postal) | ||
| 260 | |a [Gènova] : |b Gasparini, |c [s.a.] | ||
| 300 | |a targeta : |b il·lustració en blanc i negre; |c 15 x 10 cm | ||
| 500 | |a Prové del fons Joan Junyer i Pascual (1909-1994) | ||
| 500 | |a Al verso: "Sotan Oguri (attivo tra il 1453 e il 1464 circa): Cavallo" | ||
| 650 | |a Fons Joan Junyer i Pascual (1909-1994) |9 72777 | ||
| 655 | 0 | |a Targetes postals |9 52685 | |
| 710 | |a Museo d'Arte Orientale E. Chiossone (Gènova, Itàlia) |9 72459 |e entitat editora | ||
| 942 | |2 udc |c ARXIU |n 1 | ||
| 952 | |0 0 |1 0 |2 udc |4 0 |6 F504317 |7 1 |9 98912 |a Arxiu |b Arxiu |d 2026-01-12 |l 0 |o F-504-317 |p 29224 |r 2026-01-12 10:34:17 |w 2026-01-12 |y ARXIU | ||
| 999 | |c 130580 |d 130580 | ||